Amorphous magnetism and metallic magnetic materials digest (Record no. 9892)

000 -LEADER
fixed length control field 00613nam a22002177a 4500
001 - CONTROL NUMBER
control field 9892
003 - CONTROL NUMBER IDENTIFIER
control field BD-DhUET
008 - FIXED-LENGTH DATA ELEMENTS--GENERAL INFORMATION
fixed length control field 150203b xxu||||| |||| 00| 0 eng d
020 ## - INTERNATIONAL STANDARD BOOK NUMBER
International Standard Book Number 0444865322
040 ## - CATALOGING SOURCE
Original cataloging agency DLC
Transcribing agency DLC
Modifying agency BD-DhUET
082 ## - DEWEY DECIMAL CLASSIFICATION NUMBER
Classification number 538.4016
Item number FER/1987
100 ## - MAIN ENTRY--PERSONAL NAME
Personal name Ferchmin, A. R.
245 ## - TITLE STATEMENT
Title Amorphous magnetism and metallic magnetic materials digest
250 ## - EDITION STATEMENT
Edition statement 1st ed.
260 ## - PUBLICATION, DISTRIBUTION, ETC. (IMPRINT)
Place of publication, distribution, etc. New York
Name of publisher, distributor, etc. North-Holland Publishing
Date of publication, distribution, etc. 1987
300 ## - PHYSICAL DESCRIPTION
Extent xi,353p.
490 ## - SERIES STATEMENT
Series statement Series of monographa on selected topics n solid state physics
650 #0 - SUBJECT ADDED ENTRY--TOPICAL TERM
Topical term or geographic name as entry element Magnetic materials
700 ## - ADDED ENTRY--PERSONAL NAME
Personal name Kobe, S.
942 ## - ADDED ENTRY ELEMENTS (KOHA)
Koha item type General Book
Holdings
Piece designation (barcode) Not for loan Price effective from Koha collection Lost status Damaged status Date acquired Koha item type Koha date last seen Location (home branch) Source of classification or shelving scheme Sublocation or collection (holding branch) Withdrawn status Koha full call number Koha normalized classification for sorting Shelving location Copy number
60144  2015-02-03   2015-02-03General Book2015-02-03Central Library, BUET Central Library, BUET 538.4016/FER/1987538_401600000000000_FER_1987Circulation section1
69078 2015-02-04Non Fiction  2015-02-04General Book2016-04-13Central Library, BUET Central Library, BUET 538.44016/FER/1987538_440160000000000_FER_1987Circulation section2